Catalog

Record Details

Catalog Search



Available copies

  • 2 of 2 copies available at LARL/NWRL Consortium.
  • 2 of 2 copies available at Lake Agassiz Regional Library. (Show preferred library)

Current holds

0 current holds with 2 total copies.

Show Only Available Copies
Location Call Number / Copy Notes Barcode Shelving Location Status Due Date
Detroit Lakes Public Library M HYD (Text) 33500013167424 Main Available -
Moorhead Public Library M HYD (Text) 33500013167432 Main Available -

Record details

  • ISBN: 9780727888990
  • ISBN: 0727888994
  • Physical Description: 202 pages ; 23 cm
  • Edition: First world edition.
  • Publisher: London : Severn House, 2019.

Content descriptions

Summary, etc.:
"Professor Emily Cavanaugh has left Windy Corner ... Read More
Subject: Cavanaugh, Emily (Fictitious character) > Fiction.
Authors, American > 21st century > Fiction.
College teachers > Oregon > Fiction.
College students > Oregon > Fiction.
Murder > Investigation > Oregon > Fiction.
Portland (Or.) > Fiction.
Authors, American.
College students.
College teachers.
Murder > Investigation.
Oregon.
Oregon > Portland.
Genre: Detective and mystery fiction.
Fiction.
Detective and mystery fiction.
LDR 02853cam a2200553Ii 4500
001332161
003LARL_NWRL_CONSORTIUM
00520191125175447.0
008190406s2019 enk 000 1 eng d
040 . ‡aYDX ‡beng ‡erda ‡cYDX ‡dBDX ‡dUKMGB ‡dOCLCF ‡dNZAUC ‡dOCLCQ
015 . ‡aGBB9A0787 ‡2bnb
0167 . ‡a019427245 ‡2Uk
020 . ‡a9780727888990 ‡q(hardback)
020 . ‡a0727888994 ‡q(hardback)
035 . ‡a(OCoLC)1091845607
043 . ‡an-us-or
1001 . ‡aHyde, Katherine Bolger, ‡eauthor. ‡0(LARL_NWRL_CONSORTIUM)222141
24510. ‡aDeath with Dostoevsky. ‡n#4 / ‡cKatherine Bolger Hyde.
250 . ‡aFirst world edition.
264 1. ‡aLondon : ‡bSevern House, ‡c2019.
300 . ‡a202 pages ; ‡c23 cm
336 . ‡atext ‡btxt ‡2rdacontent
337 . ‡aunmediated ‡bn ‡2rdamedia
338 . ‡avolume ‡bnc ‡2rdacarrier
4900 . ‡aCrime with the classics ; ‡v4
520 . ‡a"Professor Emily Cavanaugh has left Windy Corner behind and is back at Reed College on her sabbatical, determined to finish writing her book on Dostoevsky. She is soon reunited with one of her promising students, Daniel Razumov, as well as familiar faces on the teaching staff - her friend, Marguerite Grenier, her half-brother, Oscar Lansing, the abrasive division chair, Richard McClintock, and the predatory Taylor Curzon. Known for her relentless pursuit of young male students, Taylor now has Daniel firmly in her sights. Emily knows Taylor must be stopped, but as she starts gathering evidence of Daniel's harassment, she has a disturbing flashback, and then makes a gruesome discovery ... Can Emily catch a dangerous campus killer while also confronting events from her own past?"--Fantasticfiction.com
60010. ‡aCavanaugh, Emily ‡c(Fictitious character) ‡vFiction.
650 0. ‡aAuthors, American ‡y21st century ‡vFiction.
650 0. ‡aCollege teachers ‡zOregon ‡vFiction.
650 0. ‡aCollege students ‡zOregon ‡vFiction.
650 0. ‡aMurder ‡xInvestigation ‡zOregon ‡vFiction.
651 0. ‡aPortland (Or.) ‡vFiction. ‡0(LARL_NWRL_CONSORTIUM)166579
650 7. ‡aAuthors, American. ‡2fast ‡0(LARL_NWRL_CONSORTIUM)14316
650 7. ‡aCollege students. ‡2fast ‡0(LARL_NWRL_CONSORTIUM)17152
650 7. ‡aCollege teachers. ‡2fast ‡0(LARL_NWRL_CONSORTIUM)17157
650 7. ‡aMurder ‡xInvestigation. ‡2fast ‡0(LARL_NWRL_CONSORTIUM)26286
651 7. ‡aOregon. ‡2fast ‡0(LARL_NWRL_CONSORTIUM)1964
651 7. ‡aOregon ‡zPortland. ‡2fast
648 7. ‡a2000-2099 ‡2fast
655 7. ‡aDetective and mystery fiction. ‡2fast
655 7. ‡aFiction. ‡2fast
655 7. ‡aDetective and mystery fiction. ‡2lcgft
905 . ‡uvanderl
901 . ‡a332161 ‡b ‡c332161 ‡tbiblio ‡soclc

Additional Resources